Tour de France 2022 - Results - Statistics

General Stats
  • This quiz has been taken 113 times
  • The average score is 23 of 32
Answer Stats
Hint Answer % Correct
#2 - UAE Team Emirates (SLO) Tadej Pogacar
100%
#3 - UAE Team Emirates Tadej Pogacar
100%
#1 - UAE Team Emirates Tadej Pogacar
100%
#3 - Ineos Grenadiers (GBR) Geraint Thomas
99%
#1 - Jumbo-Visma (DEN) Jonas Vingegaard
99%
#1 - Jumbo-Visma Jonas Vingegaard
99%
#1 - Jumbo-Visma Wout van Aert
94%
#4 - Groupama-FDJ (FRA) David Gaudu
93%
#5 - Bora-Hansgrohe (N/A) Aleksandr Vlasov
90%
#6 - DSM (FRA) Romain Bardet
89%
#16 - Ineos Grenadiers (GBR) Tom Pidcock
84%
#2 - Ineos Grenadiers Tom Pidcock
84%
#17 - Jumbo-Visma (USA) Sepp Kuss
83%
#8 - Astana Qazaqstan (KAZ) Alexey Lutsenko
81%
#1 Ineos Grenadiers
79%
#2 - Alpecin-Deceuninck Jasper Philipsen
75%
#9 - Ineos Grenadiers (GBR) Adam Yates
73%
#14 - Groupama-FDJ (FRA) Thibaut Pinot
73%
#11 - AG2R Citroen (LUX) Bob Jungels
70%
#3 Jumbo-Visma
65%
#19 - UAE Team Emirates (USA) Brandon McNulty
64%
#3 - UAE Team Emirates Brandon McNulty
64%
#2 Groupama-FDJ
64%
#2 - Cofidis Simon Geschke
61%
#10 - Groupama-FDJ (FRA) Valentin Madouas
61%
#12 - EF Education-EasyPost (USA) Neilson Powless
59%
#3 - Trek-Segafredo Giulio Ciccone
56%
#15 - Bora-Hansgrohe (AUT) Patrick Konrad
54%
#20 - Movistar (USA) Matteo Jorgenson
48%
#18 - Bahrain Victorious (BEL) Dylan Teuns
29%
#7 - Intermarche-Wanty-Gobert (RSA) Louis Meintjies
28%
#13 - Bahrain Victorious (ESP) Luis Leon Sanchez
24%
No matching quizzes found
Score Distribution
Percent of People with Each Score
Percentile by Number Answered
Your Score History
You have not taken this quiz